000 00506pab a2200157 454500
008 180718b xxu||||| |||| 00| 0 eng d
100 _aAnthuvan Victor Louis
245 _aDunkel, debt, trade and the Third World
362 _a29(9), Sep 1994, p.655-59
650 _a Dunkel Issue -- Developing Countries
650 _a Debts -- Developing Countries
650 _a Trade -- Developing Countries
650 _aInternational Trade -- Developing Countries
773 _aMangement Accountant
909 _a27896
999 _c27896
_d27896